Investigation of Senator Harrison A. Williams, Jr : Senator Williams' reply to government brief in opposition to Senator Williams' motion to dismiss and for a new trial.

Bibliographic Details
Corporate Authors: ProQuest (Firm), United States. Congress. Senate. Select Committee on Ethics
Format: Government Document eBook
Language:English
Published: Washington : U.S. G.P.O, 1981.
Series:U.S. Congressional Research.
Subjects:
Online Access:Connect to the full text of this electronic book

MARC

Tag First Indicator Second Indicator Subfields
LEADER 00000cam a22000001a 4500
001 in00003272012
006 m d f
007 cr bn mmmapmmp
008 101011s1981 dcu ob f000 0 eng d
005 20260430223612.2
035 |a cis2007813057 
040 |a LexisNexis  |c LexisNexis  |d UtOrBLW 
043 |a n-us--- 
074 |a 1009-B, 1009-C (microfiche) 
086 0 |a Y 4.Et 3/4:W 67/5 
099 |a CMP-1981-FCH-0012 
245 0 0 |a Investigation of Senator Harrison A. Williams, Jr :  |b Senator Williams' reply to government brief in opposition to Senator Williams' motion to dismiss and for a new trial. 
264 1 |a Washington :  |b U.S. G.P.O,  |c 1981. 
300 |a 1 online resource. 
336 |a text  |b txt  |2 rdacontent 
337 |a computer  |b c  |2 rdamedia 
338 |a online resource  |b cr  |2 rdacarrier 
500 |a Record is based on bibliographic data in LexisNexis U.S. Congressional Research Digital Collection. Reuse except for individual research requires license from LexisNexis. 
504 |a Bibliography: pages ii-iii. 
500 |a Electronic resource. 
600 1 0 |a Williams, Harrison A.,  |c Jr.,  |d 1919-2001. 
650 0 |a Misconduct in office  |z United States. 
655 7 |a Electronic books.  |2 local 
710 2 |a ProQuest (Firm) 
710 1 |a United States.  |b Congress.  |b Senate.  |b Select Committee on Ethics. 
776 0 8 |i Print version:   |t Investigation of Senator Harrison A. Williams, Jr.  |w gp 82002630  |w (OCoLC)07992361 
776 0 8 |i Microfiche version:   |t Investigation of Senator Harrison A. Williams, Jr.  |d [Bethesda, Md.] : LexisNexis Academic & Library Solutions,1981.   |o CIS 81 S352-11  |w (LexisNexis)cis08102178 
830 0 |a U.S. Congressional Research. 
856 4 0 |u http://proxy.library.tamu.edu/login?url=https://congressional.proquest.com/congcomp/getdoc?CRDC-ID=CMP-1981-FCH-0012  |z Connect to the full text of this electronic book  |t 0 
998 |a cis08102178 
999 |a MARS 
999 f f |s d0ffdcc3-70ab-3738-9c61-34339b6602c0  |i d0c3ff2f-2e6e-3f13-bc03-17a5ad1f4546  |t 0 
952 f f |a Texas A&M University  |b College Station  |c Electronic Resources  |s www_evans  |d Available Online  |t 0  |e CMP-1981-FCH-0012  |h Other scheme 
998 f f |a CMP-1981-FCH-0012  |t 0  |l Available Online